000 00750nam a2200193Ii 4500
003 JO-AjNU
008 230605s9999||||xx |||||||||||||| ||und||
040 _aJO-AjNU
_bara
_erda
_cJO-AjNU
041 _aara
050 1 4 _aHF5525.H3.1986
100 3 _aحسنين، عمر السيد,
_eauthor
_945847
245 0 0 _aفصول من تطور الفكر المحاسبي مع حالات تطبيقية
264 3 1 _aبيروت:دار النهضة العربية؛1986
300 _a479ص
_bيحتوي على ملاحق من ص 439-473ص،يحتوي على ببلوغرافية من ص475-479ص
336 _atext
_btxt
_2rdacontent
337 _aunmediated
_bn
_2rdamedia
338 _avolume
_bnc
_2rdacarrier
650 4 _aمحاسبة-تاريخ
_945848
999 _aA19903
_c23471
_d23471